NFL Leaders - Statistics

General Stats
  • This quiz has been taken 48 times
  • The average score is 26 of 62
Answer Stats
Rank Answer % Correct
1 89,214 Tom Brady
100%
7 62,952 Aaron Rodgers
98%
2 80,358 Drew Brees
93%
3 71,940 Peyton Manning
90%
1 200 Bruce Smith
85%
1 18,355 Emmitt Smith
85%
8 14,731 Steve Smith Sr.
85%
1 22,895 Jerry Rice
83%
4 71,838 Brett Favre
78%
4 15,292 Randy Moss
78%
9 61,361 Dan Marino
76%
7 14,934 Tim Brown
76%
5 64,088 Ben Roethlisberger
73%
4 15,269 Barry Sanders
71%
10 59,809 Mathew Stafford
71%
2 17,492 Larry Fitzgerald
66%
1 2,059 Ray Lewis
66%
1 599 Adam Vinatieri
61%
7 139.5 Jason Taylor
61%
6 63,440 Philip Rivers
61%
8 62,792 Matt Ryan
59%
5 14,918 Adrian Peterson
54%
2 198 Reggie White
54%
9 13,259 Eric Dickerson
51%
9 14,580 Marvin Harrison
46%
3 16,000 Frank Gore
44%
2 16,726 Walter Payton
44%
7 13,684 LaDainian Tomlinson
41%
3 15,934 Terrell Owens
41%
3 160 Kevin Greene
39%
4 1,824 Bobby Wagner
34%
5 15,208 Isaac Bruce
32%
2 565 Morten Andersen
32%
10 14,345 Reggie Wayne
32%
6 1,734 Zach Thomas
32%
6 14,101 Curtis Martin
29%
3 538 Gary Anderson
29%
8 13,662 Jerome Bettis
29%
6 141.5 Michael Strahan
29%
10 12,739 Tony Dorsett
22%
4 159.5 Julius Peppers
20%
3 1,847 Junior Seau
20%
8 139 Terrell Suggs
20%
6 15,127 Tony Gonzalez
20%
9 138.5 DeMarcus Ware
17%
T-10 137.5 John Randle
17%
T-10 137.5 Richard Dent
17%
T-10 436 Sebastian Janikowski
15%
5 150.5 Chris Doleman
12%
T-10 436 Jason Elam
12%
2 2,039 London Fletcher
12%
8 447 Robbie Gould
12%
7 1,713 Derrick Brooks
10%
4 495 Jason Hanson
10%
9 441 Phil Dawson
10%
8 1,595 Clay Matthews Jr.
7%
6 471 Matt Stover
7%
5 478 John Carney
5%
10 1,565 Lavonte David
5%
9 1,586 Hardy Nickerson
2%
5 1,805 Jessie Tuggle
2%
7 461 John Kasay
2%
No matching quizzes found
Score Distribution
Percent of People with Each Score
Percentile by Number Answered
Your Score History
You have not taken this quiz